Entrepreneurship development in India (Record no. 402755)

000 -LEADER
fixed length control field 00387cam a22001337a 4500
008 - FIXED-LENGTH DATA ELEMENTS--GENERAL INFORMATION
fixed length control field 180718b2000 xxu||||| |||| 00| 0 eng d
020 ## - INTERNATIONAL STANDARD BOOK NUMBER
International Standard Book Number 8186803637
082 ## - DEWEY DECIMAL CLASSIFICATION NUMBER
Classification number T2196x54 G346
100 ## - MAIN ENTRY--PERSONAL NAME
Personal name Ghosh, Biswanath
245 ## - TITLE STATEMENT
Title Entrepreneurship development in India
Statement of responsibility, etc. by Biswanath Ghosh
260 ## - PUBLICATION, DISTRIBUTION, ETC.
Place of publication, distribution, etc. Jaipur
Name of publisher, distributor, etc. National
Date of publication, distribution, etc. 2000
650 ## - SUBJECT ADDED ENTRY--TOPICAL TERM
Topical term or geographic name entry element Economic development
650 ## - SUBJECT ADDED ENTRY--TOPICAL TERM
Topical term or geographic name entry element Entrepreneurs - India
Holdings
Withdrawn status Lost status Damaged status Not for loan Permanent Location Current Location Date acquired Full call number Barcode Date last seen Price effective from Koha item type
        Indian Institute of Public Administration Indian Institute of Public Administration 2007-07-19 T2196x54 G346 81918 2018-07-21 2018-07-21 Book
        Indian Institute of Public Administration Indian Institute of Public Administration 2004-07-19 T2196x54 G346 79368 2018-07-21 2018-07-21 Book
        Indian Institute of Public Administration Indian Institute of Public Administration 2004-07-19 T2196x54 G346 79367 2018-07-21 2018-07-21 Book
        Indian Institute of Public Administration Indian Institute of Public Administration 2004-07-19 T2196x54 G346 79366 2018-07-21 2018-07-21 Book
        Indian Institute of Public Administration Indian Institute of Public Administration 2004-07-19 T2196x54 G346 79365 2018-07-21 2018-07-21 Book

Powered by Koha